MARC

LEADER 00000nam0a2200000 4500
001 7529
005 20231030181032.0
010 |a 5856392167 
035 |a (RuTPU)RU\TPU\book\7574 
035 |a BOOK00007633 
090 |a 7529 
100 |a 20011209d1997 m y0rusy50 ca 
101 0 |a rus 
102 |a RU 
105 |a y j 000zy 
200 1 |a Основы государственной экономической политики  |e учебник  |f Л. Г. Ходов 
210 |a Москва  |c Бек  |d 1997 
215 |a 332 с. 
610 1 |a экономика 
610 1 |a экономическая политика 
610 1 |a государственное регулирование 
610 1 |a государственная экономическая политика 
610 1 |a учебные пособия 
686 |a У9(2)0-18я73  |v LBC/SL-A  |2 rubbk 
700 1 |a Ходов  |b Л. Г.  |g Леонид Григорьевич 
801 0 |a RU  |b 63413507  |c 20011209  |g PSBO 
801 2 |a RU  |b 63413507  |c 20180531  |g PSBO 
942 |c BK